| 000 | 00580nam a22001817a 4500 | ||
|---|---|---|---|
| 005 | 20171220152916.0 | ||
| 010 | _aENG-121927 | ||
| 020 |
_a9788122007947 _c795.00 |
||
| 035 | _aEN-105459 | ||
| 037 | _bDBAD/PUB | ||
| 082 | _a320.954 | ||
| 100 | _aSingh, N.K. | ||
| 245 |
_aThe tangy taste of indian politics and beyond / _cby N.K. Singh |
||
| 260 |
_aNew Delhi _bKonark Publishers Pvt. Ltd. _c2011 |
||
| 270 |
_a206,First Floor,Peacock Lane, Shahpur Jat, _bNew Delhi _e110049 |
||
| 300 |
_ax,424p. _c24cm(hb.) _bCol.Photos |
||
| 942 |
_2ddc _cEN _h320.954 _mSIN |
||
| 999 |
_c148092 _d148092 |
||